[Event "XXXIII MIEDZYNARODOWE SZACHOWE MISTRZOSTWA MALOPOLSKI - Grupa A"]
[Site "Hotel Galaxy, ul. Gesia 22a, Krakow"]
[Date "1899-12-30"]
[Round "1.27"]
[White "Kubica, Kamil"]
[Black "Ten Have, Roland"]
[Result "1/2-1/2"]
[WhiteTitle "k"]
[BlackTitle ""]
[WhiteElo "2139"]
[BlackElo "1937"]

1. d4 e6 2. c4 d5 3. Nf3 f5 4. Bg5 Nf6 5. Nc3 c6 6. Ne5 Bd6 7. f4 O-O 8. e3 a5
9. c5 Be7 10. Bd3 b5 11. O-O Ba6 12. a3 Qc7 13. b4 Nbd7 14. Nxd7 Qxd7 15. Qe2
Bb7 16. h3 Ne4 17. Bxe4 dxe4 18. Bxe7 Qxe7 19. bxa5 Rxa5 20. Qb2 Rfa8 21. a4 Qd7
22. axb5 cxb5 23. Rxa5 Rxa5 24. Qb4 Qd8 25. Nxb5 Ba6 26. Nd6 Bxf1 27. Nb7 Qb8
28. Qxa5 Qxb7 29. Kxf1 Qb1+ 30. Qe1 Qc2 31. Qe2 Qc1+ 32. Kf2 h6 33. Qa2 Kf7 34.
Qb3 g5 35. fxg5 hxg5 36. Qb5 Kf6 37. c6 Qd2+ 38. Qe2 Qc1 39. Qh5 Qd2+ 40. Qe2
Qc1 41. g4 Qxc6 42. gxf5 exf5 43. Qh5 Qc2+ 44. Kg3 Qc7+ 45. Kg2 Qc2+ 46. Kg3 Qc7+
47. Kg2 Qc2+ 48. Kg3 1/2-1/2

[Event "XXXIII MIEDZYNARODOWE SZACHOWE MISTRZOSTWA MALOPOLSKI - Grupa A"]
[Site "Hotel Galaxy, ul. Gesia 22a, Krakow"]
[Date "1899-12-30"]
[Round "1.28"]
[White "Kondys, Piotr"]
[Black "Doraszelski, Alexander"]
[Result "1-0"]
[WhiteTitle "I"]
[BlackTitle ""]
[WhiteElo "1929"]
[BlackElo "2132"]

1. e4 c5 2. Nf3 d6 3. d4 Nf6 4. Nc3 cxd4 5. Nxd4 a6 6. g3 e5 7. Nde2 Be6 8. Bg2
b5 9. O-O Nbd7 10. h3 Rc8 11. g4 Be7 12. Ng3 O-O 13. Nd5 Nb6 14. Nxe7+ Qxe7 15.
Bg5 Rfd8 16. Nh5 Nbd7 17. Qd2 h6 18. Bh4 Nxe4 19. Qxh6 gxh6 20. Bxe7 Re8 21. Bxe4
Rxe7 22. Rfd1 Nc5 23. Bg2 Rd8 24. f4 exf4 25. Nxf4 Bc8 26. Re1 Re5 27. Rad1 Rde8
28. Rxe5 dxe5 29. Nh5 Kh8 30. Nf6 Rf8 31. Rd5 Ne6 32. Rxe5 Rd8 33. Rd5 Rf8 34.
Rd6 Kg7 35. Nh5+ Kg6 36. h4 f5 37. Nf4+ Kf6 38. Nxe6 Bxe6 39. gxf5 1-0

[Event "XXXIII MIEDZYNARODOWE SZACHOWE MISTRZOSTWA MALOPOLSKI - Grupa A"]
[Site "Hotel Galaxy, ul. Gesia 22a, Krakow"]
[Date "1899-12-30"]
[Round "1.29"]
[White "Poysti, Nathanael"]
[Black "Reichel, Lukasz"]
[Result "1-0"]
[WhiteTitle ""]
[BlackTitle "I"]
[WhiteElo "2131"]
[BlackElo "1922"]

1. c4 Nf6 2. Nc3 g6 3. g3 Bg7 4. Bg2 d6 5. d3 O-O 6. e4 e5 7. Nge2 Nc6 8. O-O Nd7
9. Be3 Nd4 10. Qd2 c6 11. f4 f5 12. Rf2 fxe4 13. dxe4 c5 14. Raf1 Nb6 15. Qd3
Be6 16. Nd5 Nxd5 17. cxd5 Bg4 18. Nxd4 cxd4 19. Bd2 Bd7 20. Bb4 Qb6 21. Qa3 Bb5
22. Bxd6 Bxf1 23. Bxf1 d3 24. Bc5 Qc7 25. Bxd3 exf4 26. d6 Qd7 27. Qb3+ Kh8 28.
Bb5 Qg4 29. d7 fxg3 30. Qxg3 Qxg3+ 31. hxg3 Rxf2 32. Kxf2 Bf6 33. Bd6 a6 34. e5
Bd8 35. e6 axb5 36. e7 Bxe7 37. Bxe7 1-0

[Event "XXXIII MIEDZYNARODOWE SZACHOWE MISTRZOSTWA MALOPOLSKI - Grupa A"]
[Site "Hotel Galaxy, ul. Gesia 22a, Krakow"]
[Date "1899-12-30"]
[Round "1.30"]
[White "Lecki, Leonard"]
[Black "Hnatyshyn, Anastasiia"]
[Result "1-0"]
[WhiteTitle "I+"]
[BlackTitle "WFM"]
[WhiteElo "1914"]
[BlackElo "2127"]

1. e4 c5 2. Nf3 Nc6 3. d4 cxd4 4. Nxd4 Nf6 5. Nc3 e5 6. Ndb5 d6 7. a4 a6 8. Na3
Be6 9. Bg5 Rc8 10. Bc4 Nd4 11. Bd5 Qb6 12. Rb1 Be7 13. Bxf6 Bxf6 14. O-O O-O 15.
Qd3 Qb4 16. Na2 Qxa4 17. Bxe6 Nxe6 18. Nc3 Qc6 19. Nd5 Bd8 20. c3 Nc5 21. Qe3
f5 22. f3 Kh8 23. Nc2 Nd7 24. Kh1 a5 25. Qe2 b5 26. b4 axb4 27. Rxb4 Nc5 28. Nce3
fxe4 29. fxe4 Rxf1+ 30. Qxf1 Bg5 31. c4 bxc4 32. Rxc4 Bxe3 33. Nxe3 Qa6 34. h3
h6 35. Qf7 Rg8 36. Nf5 Qb6 37. Qg6 Qc7 38. Nxd6 Rf8 39. Nf5 Rg8 40. Nxh6 gxh6
41. Qxh6+ Qh7 42. Qxh7+ Kxh7 43. Rxc5 1-0

[Event "XXXIII MIEDZYNARODOWE SZACHOWE MISTRZOSTWA MALOPOLSKI - Grupa A"]
[Site "Hotel Galaxy, ul. Gesia 22a, Krakow"]
[Date "1899-12-30"]
[Round "2.2"]
[White "Kaim, Piotr"]
[Black "Razin, Vadim"]
[Result "1/2-1/2"]
[WhiteTitle "m"]
[BlackTitle ""]
[WhiteElo "2167"]
[BlackElo "2407"]

1. d4 d5 2. c4 Nc6 3. cxd5 Qxd5 4. e3 e5 5. Nc3 Bb4 6. Nf3 Bg4 7. Be2 exd4 8. exd4
Bxf3 9. Bxf3 Qc4 10. Bxc6+ Qxc6 11. O-O Ne7 12. Qb3 Bxc3 13. bxc3 O-O-O 14. Qxf7
Nd5 15. Bd2 Kb8 16. Rfe1 Rhf8 17. Qe6 Rd6 18. Qe4 Nxc3 19. Qxc6 Rxc6 20. Re7 Nb5
21. Be3 Rg6 22. Rc1 c6 23. d5 Rd8 24. a4 Nd6 25. dxc6 bxc6 26. Bf4 Ka8 27. Rd1
c5 28. g3 c4 29. Rc7 a6 30. Rc6 Nc8 31. Rxa6+ Rxa6 32. Rxd8 Rc6 33. Rd7 Nb6 34.
Rxg7 c3 35. Rxh7 c2 36. Rh6 c1=Q+ 37. Bxc1 Rxc1+ 38. Kg2 Kb7 39. a5 Nc4 40. a6+
Ka7 41. h4 Rc2 42. Re6 Nb6 43. h5 Kxa6 44. h6 Rc8 45. g4 Kb7 46. g5 Nd5 47. Kg3
Kc7 48. g6 Kd7 49. Ra6 Ke7 50. h7 Nf6 51. Ra7+ Ke6 52. Ra1 Rh8 53. Rh1 Ne8 54.
Kf4 Kf6 55. Rg1 Ng7 56. Ke4 Re8+ 57. Kd5 Nf5 58. Kc4 Kg7 59. Rh1 Nh6 60. Rg1 Rf8
61. Rg2 Nf5 62. Rh2 Rh8 63. Rg2 Nh4 64. Rg4 Nxg6 65. Re4 Rxh7 66. Kd3 Kf6 67.
Ke2 Kf5 68. Re8 Nf4+ 69. Kd2 Rd7+ 70. Ke1 Ra7 71. Rf8+ Ke4 72. Re8+ Kd3 73. Rd8+
Ke4 74. Re8+ Kd4 75. Rd8+ Nd5 76. Ke2 Rf7 77. Ra8 Nc3+ 78. Kf1 Ne4 79. Ra4+ Ke5
80. Ra2 Kf4 81. Ra4 Rb7 82. Kg2 Rb2 83. Kg1 Rc2 84. Rb4 Ra2 85. Rd4 Ke5 86. Rd8
Nxf2 87. Re8+ Kf4 88. Kf1 Ne4 89. Rb8 Rc2 90. Rf8+ Ke3 91. Re8 Rc7 92. Kg2 Rg7+
93. Kf1 Rg6 94. Re7 Rg8 95. Re6 Kf3 96. Re7 Rg6 97. Rf7+ Ke3 98. Re7 Rg8 99. Re6
Rf8+ 100. Ke1 Ra8 101. Kd1 Kd3 102. Kc1 Nc5 103. Rd6+ Kc3 104. Kd1 Ne4 105. Rd7
Ra2 106. Ke1 Nc5 107. Rd8 Ne6 108. Re8 Ng5 109. Rd8 Nf3+ 110. Kf1 Nd4 111. Ke1
Ra7 112. Kf2 Kd3 113. Kg3 Rf7 114. Ra8 Ne6 115. Ra3+ Ke4 116. Ra4+ Nd4 117. Kg4
Rg7+ 118. Kh4 Ke5 119. Kh3 Rg8 120. Kh4 Nf3+ 121. Kh3 Nd2 122. Rg4 Rh8+ 123. Rh4
Ra8 124. Rb4 Ne4 125. Kg4 Rg8+ 126. Kh3 Kf4 127. Ra4 Rg3+ 128. Kh4 Rg6 129. Kh5
Rb6 130. Rc4 Kf5 131. Ra4 Rb1 132. Ra5+ Kf4 133. Kg6 Rb6+ 134. Kf7 Nd6+ 1/2-1/2

[Event "XXXIII MIEDZYNARODOWE SZACHOWE MISTRZOSTWA MALOPOLSKI - Grupa A"]
[Site "Hotel Galaxy, ul. Gesia 22a, Krakow"]
[Date "1899-12-30"]
[Round "2.3"]
[White "Bogdanov, Egor"]
[Black "Poysti, Nathanael"]
[Result "1-0"]
[WhiteTitle "IM"]
[BlackTitle ""]
[WhiteElo "2398"]
[BlackElo "2131"]

1. e4 e5 2. Bc4 Nf6 3. d3 Bc5 4. Nc3 Nc6 5. f4 O-O 6. Nf3 exf4 7. Bxf4 d6 8. Qd2
Be6 9. Bb3 a5 10. Bg5 h6 11. Bh4 Ne5 12. Bf2 Nxf3+ 13. gxf3 Bxf2+ 14. Qxf2 Qd7
15. Rg1 Kh8 16. Qd4 c5 17. Qe3 b5 18. Bxe6 fxe6 19. Ne2 d5 20. Nf4 Rfc8 21. O-O-O
b4 22. Rg6 d4 23. Qd2 e5 24. Nd5 Nxd5 25. exd5 Ra7 26. Rdg1 Qf5 27. Qg2 Qf4+ 28.
Kb1 Rg8 29. d6 Kh7 30. Qh3 Rf7 31. Re6 Qxf3 32. Qxf3 Rxf3 33. Rxe5 Rgf8 34. b3
R3f6 35. d7 Rd8 36. Re7 Rg6 37. Rf1 Rd6 38. Rff7 Rg8 39. Rf5 Rd8 40. Rxc5 R8xd7
41. Rxd7 Rxd7 42. Rxa5 g5 43. Rb5 g4 44. Rxb4 h5 45. Rb5 Kg6 46. Re5 Rf7 47. Re2
h4 48. a4 Kg5 49. Kb2 g3 50. hxg3 hxg3 51. a5 Kf4 52. Re1 g2 53. b4 Kf3 54. Rg1
Kf2 55. Rxg2+ Kxg2 56. Kb3 Kf3 57. a6 Kf4 58. b5 Ke5 59. b6 Rf6 60. b7 Kd5 1-0

[Event "XXXIII MIEDZYNARODOWE SZACHOWE MISTRZOSTWA MALOPOLSKI - Grupa A"]
[Site "Hotel Galaxy, ul. Gesia 22a, Krakow"]
[Date "1899-12-30"]
[Round "2.4"]
[White "Tymrakiewicz, Rafal"]
[Black "Sieciechowicz, Marcin"]
[Result "0-1"]
[WhiteTitle "FM"]
[BlackTitle "IM"]
[WhiteElo "2154"]
[BlackElo "2387"]

1. e4 e6 2. d4 d5 3. e5 c5 4. c3 Qb6 5. Nf3 Nc6 6. Bd3 cxd4 7. O-O Bd7 8. Re1 Nge7
9. Nbd2 dxc3 10. bxc3 Qc7 11. Qe2 Ng6 12. Nb3 Be7 13. Nbd4 a6 14. Bd2 h6 15. g3
O-O 16. h4 Rfc8 17. Kg2 Nf8 18. Nxc6 Bxc6 19. Nd4 Nd7 20. f4 Nc5 21. f5 Nxd3 22.
Qxd3 exf5 23. Qxf5 Bf8 24. Rf1 Re8 25. Rae1 Qd7 26. Qf3 Rac8 27. Rf2 Bc5 28. g4
Bxd4 29. cxd4 Ba4 30. Ref1 Bb5 31. Rc1 Qe6 32. Kg3 Bd7 33. h5 Rxc1 34. Bxc1 Rc8
35. Bb2 b5 36. Ba3 Rc4 37. Bc5 b4 38. Qf5 Qe8 39. Qf4 a5 40. Rf3 a4 41. Kh4 Be6
42. Kg3 Qd8 43. Qd2 Qg5 44. Qxg5 hxg5 45. Re3 Rc2 46. Bxb4 Rxa2 47. Ra3 Re2 48.
Rxa4 Re4 49. Bd2 Kh7 50. Kf2 Rxg4 51. Be3 Kh6 52. Ra8 Kxh5 53. Kf3 Kg6 54. Re8
Rh4 55. Ra8 Rh3+ 56. Kf2 Bg4 57. Bc1 Rf3+ 58. Kg2 Rd3 59. Ra4 Be6 60. Kf2 Kf5
61. Be3 g4 62. Ke2 Ke4 63. Bg1 g3 64. Ra1 Bg4+ 65. Ke1 Kf3 66. Ra7 Kg2 67. Ra1
Kxg1 68. e6 fxe6 69. Rb1 Rd1+ 0-1

[Event "XXXIII MIEDZYNARODOWE SZACHOWE MISTRZOSTWA MALOPOLSKI - Grupa A"]
[Site "Hotel Galaxy, ul. Gesia 22a, Krakow"]
[Date "1899-12-30"]
[Round "2.6"]
[White "Orzech, Dominik"]
[Black "Meers, Hubert"]
[Result "1/2-1/2"]
[WhiteTitle "IM"]
[BlackTitle "k"]
[WhiteElo "2291"]
[BlackElo "2071"]

1. Nf3 Nf6 2. c4 e6 3. Nc3 d5 4. d4 Be7 5. cxd5 exd5 6. Bg5 c6 7. e3 Bf5 8. Nh4
Bg4 9. Qc2 h6 10. Bf4 Ne4 11. Nf3 Bxf3 12. gxf3 Nxc3 13. bxc3 Bd6 14. Bg3 O-O
15. Bd3 Qf6 16. Rb1 b6 17. Bf5 c5 18. O-O Nc6 19. Kg2 Ne7 20. Bd3 Rac8 21. Qa4
Rc7 22. Rbd1 cxd4 23. cxd4 Ng6 24. Qb5 Nh4+ 25. Bxh4 Qxh4 26. h3 Qg5+ 27. Kh1
Qh5 28. Kg2 Qg5+ 29. Kh1 Qh5 30. Kg2 Qg5+ 1/2-1/2

[Event "XXXIII MIEDZYNARODOWE SZACHOWE MISTRZOSTWA MALOPOLSKI - Grupa A"]
[Site "Hotel Galaxy, ul. Gesia 22a, Krakow"]
[Date "1899-12-30"]
[Round "2.7"]
[White "Majek, Kacper"]
[Black "Kyc, Jerzy"]
[Result "0-1"]
[WhiteTitle "k"]
[BlackTitle "m"]
[WhiteElo "2083"]
[BlackElo "2276"]

1. e4 c5 2. Nf3 d6 3. d4 cxd4 4. Nxd4 Nf6 5. Nc3 a6 6. Rg1 h5 7. Be3 e6 8. h3 b5
9. a3 Bb7 10. f3 h4 11. Qd2 Nbd7 12. O-O-O Rc8 13. Kb1 Be7 14. g4 hxg3 15. Rxg3
g6 16. Qg2 Ne5 17. f4 Rxc3 18. fxe5 Nxe4 19. Rxg6 Rxe3 20. Qg1 Nd2+ 21. Rxd2 Re1+
22. Ka2 Bd5+ 23. b3 Rxf1 24. Qxf1 fxg6 25. c4 Qa5 26. b4 Bxc4+ 27. Qxc4 bxc4 28.
bxa5 dxe5 29. Nc6 Rxh3 30. Rg2 Rxa3+ 31. Kb1 Bd6 32. Rxg6 Kd7 33. Na7 Rb3+ 34.
Kc2 Rb7 35. Rg7+ Be7 0-1

[Event "XXXIII MIEDZYNARODOWE SZACHOWE MISTRZOSTWA MALOPOLSKI - Grupa A"]
[Site "Hotel Galaxy, ul. Gesia 22a, Krakow"]
[Date "1899-12-30"]
[Round "2.8"]
[White "Suder, Jakub"]
[Black "Malik, Maciej"]
[Result "1/2-1/2"]
[WhiteTitle "FM"]
[BlackTitle "k"]
[WhiteElo "2265"]
[BlackElo "2045"]

1. d4 Nf6 2. c4 g6 3. Nc3 d6 4. e4 Bg7 5. Nf3 O-O 6. Be2 e5 7. O-O Nc6 8. d5 Ne7
9. Ne1 Ne8 10. f4 f5 11. fxe5 Bxe5 12. Nd3 Bg7 13. Nf4 fxe4 14. Ne6 Bxe6 15. Rxf8+
Bxf8 16. dxe6 Nf5 17. Nxe4 Qe7 18. Bf3 c6 19. Bg5 Qxe6 20. g4 Nfg7 21. Qb3 Rb8
22. Re1 Qf7 23. Rf1 Qe6 24. Qe3 b6 25. Qf4 Qe5 26. Qxe5 dxe5 27. Nf6+ Nxf6 28.
Bxf6 Bc5+ 29. Kg2 Rc8 30. Bxe5 Ne6 31. Rd1 Ng5 32. Rd7 Re8 33. Bc3 Nxf3 34. Kxf3
Re7 35. Rxe7 Bxe7 36. Ke4 Kf7 37. Ke5 Bf8 38. Be1 Ke7 39. Bb4+ c5 40. Ba3 Bg7+
41. Kd5 Kd7 42. b3 Bf6 43. Bc1 Bg7 44. Bf4 Bf6 45. Be3 Bg7 46. Bf4 Bf6 47. Bb8
a5 48. Bf4 Bg7 49. h3 Bf6 50. Bd2 Bg7 51. Bg5 Bf8 52. Bf6 Bh6 53. g5 Bf8 54. a3
h6 55. gxh6 Bxh6 56. Bh4 Bc1 57. a4 Bf4 58. Bf6 Bc7 59. Be5 Bd8 60. Bf4 Bf6 61.
Bg3 Be7 62. Ke4 Bd8 63. Bb8 Bf6 64. Kf4 Bd8 65. Kg4 Be7 66. Bf4 Bd8 67. Bg5 Bc7
68. Bh4 Ke6 69. Be1 Bd8 70. Bg3 Kd7 71. Kf3 Be7 72. Be5 1/2-1/2

[Event "XXXIII MIEDZYNARODOWE SZACHOWE MISTRZOSTWA MALOPOLSKI - Grupa A"]
[Site "Hotel Galaxy, ul. Gesia 22a, Krakow"]
[Date "1899-12-30"]
[Round "2.9"]
[White "Barwinska, Ewa"]
[Black "Bus, Konrad"]
[Result "1/2-1/2"]
[WhiteTitle "WCM"]
[BlackTitle "k"]
[WhiteElo "1953"]
[BlackElo "2256"]

1. e4 d5 2. exd5 Qxd5 3. Nc3 Qd8 4. d4 Nf6 5. Nf3 Bg4 6. Be2 e6 7. Ne5 Bxe2 8.
Nxe2 Bd6 9. O-O c6 10. c4 O-O 11. Bg5 Nbd7 12. f4 Be7 13. Qb3 Qc7 14. Rad1 Rad8
15. Ng3 c5 16. d5 exd5 17. cxd5 Nxe5 18. fxe5 Nxd5 19. Bxe7 Nxe7 20. Rxd8 Qxd8
21. Qxb7 Qd4+ 22. Kh1 Ng6 23. Qxa7 Qxe5 24. Qb7 f5 25. Qb3+ Kh8 26. Qc2 f4 27.
Ne4 Rc8 28. Qc4 Ra8 29. a4 Qxb2 30. Ng5 1/2-1/2

[Event "XXXIII MIEDZYNARODOWE SZACHOWE MISTRZOSTWA MALOPOLSKI - Grupa A"]
[Site "Hotel Galaxy, ul. Gesia 22a, Krakow"]
[Date "1899-12-30"]
[Round "2.11"]
[White "Gora, Antonina"]
[Black "Kacprzak, Karol"]
[Result "0-1"]
[WhiteTitle "k"]
[BlackTitle "k+"]
[WhiteElo "1941"]
[BlackElo "2229"]

1. e4 c5 2. Nf3 d6 3. d4 cxd4 4. Nxd4 Nf6 5. f3 e5 6. Bb5+ Nbd7 7. Nf5 a6 8. Bxd7+
Qxd7 9. c4 Qc7 10. Ne3 Be6 11. Nc3 Be7 12. O-O O-O 13. b3 b5 14. Ncd5 Nxd5 15.
cxd5 Bd7 16. Qd3 Qb6 17. Kh1 Rac8 18. Bb2 Bg5 19. Rfe1 Rc7 20. Rac1 Rxc1 21. Bxc1
Rc8 22. Qb1 h6 23. Nf5 Bxf5 24. Bxg5 Bxe4 25. Qxe4 hxg5 26. Qf5 Qd8 27. h3 g6
28. Qb1 Qc7 29. Qd3 Qc3 30. Qe4 Kg7 31. Re3 Qd2 32. Re2 Qd1+ 33. Re1 Qd2 34. Re2
Rc1+ 35. Kh2 Qd1 36. Qe3 Rc5 37. Rd2 Qc1 38. Qd3 Qc3 39. Qe2 Qb4 40. Qd3 Rc3 41.
Qe2 Qf4+ 42. Kg1 Rc1+ 43. Rd1 Qd4+ 0-1

[Event "XXXIII MIEDZYNARODOWE SZACHOWE MISTRZOSTWA MALOPOLSKI - Grupa A"]
[Site "Hotel Galaxy, ul. Gesia 22a, Krakow"]
[Date "1899-12-30"]
[Round "2.12"]
[White "Kacprzak, Kacper"]
[Black "Kondys, Piotr"]
[Result "1/2-1/2"]
[WhiteTitle "k++"]
[BlackTitle "I"]
[WhiteElo "2228"]
[BlackElo "1929"]

1. e4 e5 2. Nf3 Nc6 3. Bb5 a6 4. Ba4 Nf6 5. O-O Be7 6. Re1 b5 7. Bb3 O-O 8. a4
Rb8 9. axb5 axb5 10. h3 d6 11. c3 Nd7 12. d4 Bf6 13. Be3 Ne7 14. Bc2 c5 15. Nbd2
Qc7 16. Nf1 Nb6 17. dxe5 dxe5 18. Qe2 Nc4 19. Bc1 Bb7 20. Ne3 Nxe3 21. Bxe3 c4
22. Nd2 Ra8 23. Rab1 Ra2 24. Rec1 Qa5 25. Bc5 Rc8 26. Bb4 Qa8 27. Nf3 Ng6 28.
Rd1 Ra6 29. Rd2 Re6 30. Rbd1 Ree8 31. Qe3 Red8 32. Kh2 Rxd2 33. Rxd2 Rd8 34. b3
Rxd2 35. Nxd2 cxb3 36. Nxb3 h6 37. Nc5 Bc6 38. g3 Qa1 39. Qe2 Qa2 40. Kg2 Be7
41. Qd3 Qc4 42. Qxc4 bxc4 43. Na6 Bd8 44. Bc5 Nf8 45. Nb4 Bb7 46. f3 Ne6 47. Be3
1/2-1/2

[Event "XXXIII MIEDZYNARODOWE SZACHOWE MISTRZOSTWA MALOPOLSKI - Grupa A"]
[Site "Hotel Galaxy, ul. Gesia 22a, Krakow"]
[Date "1899-12-30"]
[Round "2.13"]
[White "Malicka, Maria"]
[Black "Lecki, Leonard"]
[Result "1-0"]
[WhiteTitle "WGM"]
[BlackTitle "I+"]
[WhiteElo "2255"]
[BlackElo "1914"]

1. e4 c5 2. Nf3 e6 3. d4 cxd4 4. Nxd4 a6 5. c4 Nf6 6. Nc3 Bb4 7. Qd3 d5 8. exd5
exd5 9. Be2 O-O 10. O-O Nc6 11. Nxc6 bxc6 12. cxd5 Nxd5 13. Nxd5 Qxd5 14. Qxd5
cxd5 15. Be3 Be6 16. Rfd1 Rfd8 17. Bd4 f6 18. Rac1 Rdc8 19. a3 Bd6 20. Rxc8+ Bxc8
21. Bf3 Bb7 22. Bb6 Rc8 23. g3 Be5 24. Bd4 Rd8 25. b4 Kf7 26. Bb6 Rd7 27. Bg4
Re7 28. Bc5 Re8 29. f4 Bc3 30. Kf2 Rd8 31. Bf3 f5 32. Rd3 Bf6 33. Ke2 Bc6 34.
Kd2 g6 35. Bd4 Be7 36. Rc3 Bb5 37. Rc7 Ke6 38. Ke3 h5 39. Be2 Rd7 40. Rc8 Rd8
41. Rc1 Bd7 42. Be5 Ra8 43. Bf3 a5 44. Ke4 1-0

[Event "XXXIII MIEDZYNARODOWE SZACHOWE MISTRZOSTWA MALOPOLSKI - Grupa A"]
[Site "Hotel Galaxy, ul. Gesia 22a, Krakow"]
[Date "1899-12-30"]
[Round "2.14"]
[White "Czarnecka, Lidia"]
[Black "Mis, Mieszko"]
[Result "1/2-1/2"]
[WhiteTitle "WCM"]
[BlackTitle "FM"]
[WhiteElo "2027"]
[BlackElo "2364"]

1. e4 d6 2. d4 Nf6 3. Nc3 e5 4. Nf3 Nbd7 5. Bc4 Be7 6. O-O O-O 7. h3 c6 8. a4 a5
9. Be3 h6 10. Re1 Re8 11. Qd2 exd4 12. Bxd4 Bf8 13. Rad1 Qc7 14. Qf4 Ne5 15. Ba2
Bd7 16. Qe3 Be6 17. Bxe6 Rxe6 18. Nxe5 dxe5 19. Bc5 Bxc5 20. Qxc5 Qe7 21. Qxe7
Rxe7 22. Rd3 Nd7 23. Red1 Nc5 24. Rd8+ Re8 25. R8d6 Kf8 26. f3 Ne6 27. Ne2 Red8
28. Kf2 Rxd6 29. Rxd6 Ke7 30. Rd2 Nc5 31. b3 g6 32. Nc1 Ke6 33. Ke3 Nd7 34. g3
Rf8 35. Rd1 f5 36. Ne2 Nf6 37. Rb1 Ra8 38. Rd1 Rf8 39. Rb1 Kd6 40. Rd1+ Kc7 41.
Nc1 Nd7 42. Nd3 b5 43. Ra1 Ra8 44. c3 Kd6 45. f4 exf4+ 46. gxf4 fxe4 47. Kxe4
Nf6+ 48. Kf3 Nd5 49. c4 bxc4 50. bxc4 Nb4 51. Ne5 g5 52. Nf7+ Kc5 53. fxg5 hxg5
54. Nxg5 Kxc4 55. h4 Kb3 56. h5 Rg8 57. Ne6 Nc2 58. Rc1 Re8 59. Nc5+ Kb2 60. Rh1
Nd4+ 61. Kg4 Kc3 62. h6 Kc4 63. Nd7 Rg8+ 64. Kf4 Rh8 65. Ke5 c5 66. h7 Kb4 67.
Kd5 Nf5 68. Nxc5 Ne7+ 69. Kd6 Nf5+ 70. Ke5 Ng3 71. Nd3+ Kc4 72. Rh3 Re8+ 73. Kf4
Ne2+ 74. Kg5 Ng1 75. Nb2+ Kb4 76. h8=Q Rxh8 77. Rxh8 Ka3 78. Rb8 Nf3+ 79. Kf4
Nd4 80. Ke4 Nc6 81. Rb7 Nb4 82. Kd4 Kxb2 83. Rxb4+ axb4 84. a5 Kc2 85. a6 b3 86.
a7 b2 87. Ke4 1/2-1/2

[Event "XXXIII MIEDZYNARODOWE SZACHOWE MISTRZOSTWA MALOPOLSKI - Grupa A"]
[Site "Hotel Galaxy, ul. Gesia 22a, Krakow"]
[Date "1899-12-30"]
[Round "2.15"]
[White "Budzisz, Adrian"]
[Black "Wiewiora, Eneasz"]
[Result "1/2-1/2"]
[WhiteTitle "k"]
[BlackTitle "FM"]
[WhiteElo "2049"]
[BlackElo "2314"]

1. d4 d6 2. Nf3 Bg4 3. e3 Nf6 4. c4 c6 5. Bd3 Nbd7 6. O-O e5 7. Nbd2 Be7 8. Qc2
O-O 9. h3 Bh5 10. b3 Re8 11. Bb2 Bf8 12. dxe5 dxe5 13. Ng5 Bg6 14. Bxg6 hxg6 15.
Rad1 Qc7 16. Nde4 Nc5 17. Rd2 Rad8 18. Rfd1 Rxd2 19. Rxd2 Ncxe4 20. Nxe4 Nxe4
21. Qxe4 Qa5 22. Qd3 Bb4 23. Qd7 Kf8 24. Rd1 Qxa2 25. Qxb7 Qxb3 26. Rd7 Qxc4 27.
Qxa7 Kg8 28. Bxe5 Qe6 29. Ba1 Bf8 30. Qb7 c5 31. Qd5 Qxd5 32. Rxd5 Rb8 33. Be5
Rc8 34. Rd2 f6 35. Bc3 Kf7 36. Kf1 Ke6 37. Ke2 g5 38. e4 Bd6 39. Rd5 Ra8 40. Bd2
Ra2 41. Kd3 Ra3+ 42. Kc2 Ra1 43. Be3 1/2-1/2

[Event "XXXIII MIEDZYNARODOWE SZACHOWE MISTRZOSTWA MALOPOLSKI - Grupa A"]
[Site "Hotel Galaxy, ul. Gesia 22a, Krakow"]
[Date "1899-12-30"]
[Round "2.16"]
[White "Karut, Kacper"]
[Black "Kaliszuk, Kamil"]
[Result "1-0"]
[WhiteTitle "I"]
[BlackTitle "k"]
[WhiteElo "1954"]
[BlackElo "2249"]

1. e4 c5 2. Nf3 a6 3. c4 Nc6 4. d4 cxd4 5. Nxd4 e5 6. Nc2 d6 7. Nc3 g6 8. Be2 Bg7
9. Be3 Nge7 10. Qd2 f5 11. f3 Be6 12. Rd1 Nc8 13. b4 O-O 14. O-O Qf6 15. a4 Qf7
16. Nd5 Rb8 17. b5 axb5 18. axb5 N6e7 19. Ncb4 Nxd5 20. cxd5 Bd7 21. b6 f4 22.
Bf2 Bf6 23. Na2 g5 24. Qb4 h5 25. Nc3 g4 26. Nb5 Qg6 27. Nc7 g3 28. Be1 gxh2+
29. Kxh2 Kh8 30. Bb5 Rg8 31. Rd2 Nxb6 32. Bxd7 Nxd7 33. Qxd6 Nf8 34. Rb2 Nh7 35.
Rg1 Ng5 36. Bf2 h4 37. Rb6 Rbf8 38. Ne6 Rf7 39. Nxg5 Qxg5 40. Qe6 Rgg7 41. Qh3
Rc7 42. Rgb1 Rc2 43. Kg1 Rgc7 44. Rxb7 Rxb7 45. Rxb7 Rc1+ 46. Kh2 Qg3+ 47. Bxg3
fxg3+ 48. Qxg3 hxg3+ 49. Kxg3 Rc2 50. Kh3 Bg7 51. g3 Kh7 52. Rb6 Kg8 53. Kg4 Rc3
54. f4 Re3 55. Kf5 Rxg3 56. fxe5 Rf3+ 57. Ke6 Rf8 58. Rb7 Rf4 59. d6 Rxe4 60.
Rb5 Rxe5+ 61. Rxe5 Bxe5 62. Kxe5 Kf8 63. Ke4 1-0

[Event "XXXIII MIEDZYNARODOWE SZACHOWE MISTRZOSTWA MALOPOLSKI - Grupa A"]
[Site "Hotel Galaxy, ul. Gesia 22a, Krakow"]
[Date "1899-12-30"]
[Round "2.17"]
[White "Sygulski, Piotr"]
[Black "Zalega, Maciej"]
[Result "0-1"]
[WhiteTitle "I+"]
[BlackTitle "I++"]
[WhiteElo "1981"]
[BlackElo "2166"]

1. d4 Nf6 2. c4 g6 3. g3 Bg7 4. Bg2 O-O 5. Nc3 c6 6. e4 d6 7. Nge2 e5 8. O-O Na6
9. h3 Qe7 10. Re1 Nc7 11. d5 cxd5 12. cxd5 Bd7 13. Be3 b5 14. b4 Rfc8 15. Rb1
a5 16. bxa5 Rxa5 17. Bb6 Ra6 18. Bxc7 Rxc7 19. Nxb5 Bxb5 20. Rxb5 Rxa2 21. Rb8+
Bf8 22. Qb1 Rd2 23. Rb2 Rxb2 24. Qxb2 Rc4 25. Rc1 Qc7 26. Rc3 Qc5 27. Qc2 Rxc3
28. Qxc3 Qb5 29. Qe3 Qb1+ 30. Qc1 Qb4 31. Qc3 Qb5 32. Qe3 Be7 33. Kh2 Bd8 34.
f4 Bb6 35. Qf3 Kg7 36. fxe5 dxe5 37. Nc1 Qc5 38. Ne2 Qc4 39. Kh1 h5 40. Kh2 Bc5
41. Nc3 Ba7 42. Ne2 Bb6 43. Nc3 Qd4 44. Ne2 Qd1 45. Bf1 Qc2 46. Bg2 Qb1 47. Qc3
Qd1 48. Qb2 Be3 49. Bf3 Qf1 50. Bg2 Qe1 51. Qc2 h4 52. g4 Bf2 53. Qd3 Nd7 54.
Bh1 Nc5 55. Qf3 Nxe4 0-1

[Event "XXXIII MIEDZYNARODOWE SZACHOWE MISTRZOSTWA MALOPOLSKI - Grupa A"]
[Site "Hotel Galaxy, ul. Gesia 22a, Krakow"]
[Date "1899-12-30"]
[Round "2.18"]
[White "Ten Have, Roland"]
[Black "Sliwicki, Damian"]
[Result "1-0"]
[WhiteTitle ""]
[BlackTitle "CM"]
[WhiteElo "1937"]
[BlackElo "2158"]

1. e4 c5 2. Nc3 g6 3. g3 Bg7 4. Bg2 Nc6 5. d3 d6 6. Be3 Nf6 7. h3 h5 8. Qd2 h4
9. g4 e5 10. Nge2 Be6 11. f4 exf4 12. Nxf4 Qa5 13. O-O Nd7 14. Nxe6 fxe6 15. Bg5
Nde5 16. Bf6 Bxf6 17. Rxf6 Nd4 18. Raf1 O-O-O 19. Qf2 Qc7 20. Nd1 Qe7 21. c3 Nf5
22. d4 Nd7 23. Rxg6 Ng3 24. Re1 Rdf8 25. Qe3 Qf7 26. Rg5 e5 27. b4 b6 28. a3 Qf6
29. dxc5 dxc5 30. c4 Qh6 31. Nc3 Rf4 32. Rf5 Nxf5 33. exf5 Rxc4 34. Qf3 Rxc3 35.
Qxc3 Qf4 36. Rd1 Rd8 37. Qe1 Nf6 38. Rxd8+ Kxd8 39. bxc5 Qd4+ 40. Kh1 Qxc5 41.
Qxh4 Qc1+ 42. Kh2 Qf4+ 43. Qg3 b5 44. Qxf4 exf4 45. g5 Nh7 46. h4 a5 47. Kh3 Ke7
48. Kg4 b4 49. axb4 axb4 50. Kxf4 b3 51. Be4 b2 52. Ke5 Nf8 53. Bb1 Nd7+ 54. Kf4
Nb6 55. h5 Nd5+ 56. Ke5 Ne3 57. f6+ Kf8 58. g6 Nc4+ 59. Kf5 Ne3+ 60. Kg5 Nd5 61.
Kf5 Kf7 62. Kf4+ 1-0

[Event "XXXIII MIEDZYNARODOWE SZACHOWE MISTRZOSTWA MALOPOLSKI - Grupa A"]
[Site "Hotel Galaxy, ul. Gesia 22a, Krakow"]
[Date "1899-12-30"]
[Round "2.19"]
[White "Syrkiewicz, Michal"]
[Black "Kubica, Kamil"]
[Result "1-0"]
[WhiteTitle "k"]
[BlackTitle "k"]
[WhiteElo "1945"]
[BlackElo "2139"]

1. e4 e5 2. Nf3 Nc6 3. Bc4 Bc5 4. c3 Nf6 5. d3 a6 6. a4 O-O 7. O-O h6 8. Nbd2 d6
9. Re1 Be6 10. Bxe6 fxe6 11. Nf1 Ba7 12. Ng3 Ng4 13. Re2 Ne7 14. h3 Nf6 15. Qb3
Qd7 16. Be3 Ng6 17. Bxa7 Rxa7 18. d4 Nf4 19. Rc2 exd4 20. cxd4 Rf7 21. a5 Qb5
22. Qe3 Qd3 23. Rc3 Qxe3 24. fxe3 N6h5 25. Nxh5 Nxh5 26. Nd2 Ra8 27. Rb3 Rb8 28.
Ra4 Ng3 29. Kh2 Ne2 30. Nf3 d5 31. e5 c5 32. dxc5 Rc8 33. Nd4 Rxc5 34. Nxe2 Rc2
35. Nd4 Rd2 36. Nxe6 Re7 37. Rd4 Rc2 38. Nf4 Rxe5 39. Rxd5 Re7 40. Rd8+ Kh7 41.
Rb8 Re5 42. R8xb7 Rxa5 43. Rc3 Rd2 44. Rc8 Ra2 45. Rbb8 g5 46. Rb7+ 1-0

[Event "XXXIII MIEDZYNARODOWE SZACHOWE MISTRZOSTWA MALOPOLSKI - Grupa A"]
[Site "Hotel Galaxy, ul. Gesia 22a, Krakow"]
[Date "1899-12-30"]
[Round "2.21"]
[White "Lewicki, Miroslaw"]
[Black "Trybus, Daniel"]
[Result "0-1"]
[WhiteTitle "IM"]
[BlackTitle "k"]
[WhiteElo "2359"]
[BlackElo "2014"]

1. e4 Nf6 2. e5 Nd5 3. Nf3 d6 4. Bc4 Nb6 5. Bb3 d5 6. d4 Bg4 7. h3 Bh5 8. a4 a5
9. e6 fxe6 10. Bf4 Nc6 11. g4 Bg6 12. Nbd2 e5 13. Nxe5 Nxe5 14. Bxe5 e6 15. Qe2
Qd7 16. f4 Be7 17. h4 h5 18. g5 O-O 19. c3 Nc8 20. Nf1 Bd6 21. Ng3 Ne7 22. Nxh5
Nf5 23. Bc2 Bxe5 24. fxe5 Qf7 25. Bxf5 Qxf5 26. Ng3 Qf4 27. Nf1 Bh5 28. Qe3 Qg4
29. Rg1 Qxh4+ 30. Kd2 Rf3 31. Qe1 Rf2+ 32. Kc1 Qf4+ 33. Kb1 Qf5+ 34. Ka2 Qc2 35.
Qc1 Qxa4+ 36. Kb1 Bg6+ 0-1